Country Pairs Bordering Mostly Each Other (by rank) - Statistics

General Stats
  • This quiz has been taken 28 times
  • The average score is 21 of 39
Answer Stats
Country % Correct
Canada
100%
United States
100%
Dominican Republic
90%
Haiti
85%
Indonesia
80%
Ireland
80%
United Kingdom
80%
Spain
75%
Argentina
70%
Chile
70%
Panama
70%
Papua New Guinea
70%
Portugal
70%
Costa Rica
65%
Kazakhstan
65%
Malaysia
65%
Russia
65%
Norway
60%
Sweden
60%
Yemen
55%
Saudi Arabia
50%
Botswana
45%
Honduras
45%
Nicaragua
45%
Republic of the Congo
45%
South Africa
45%
Gambia
40%
Gabon
35%
Laos
35%
Senegal
35%
Vietnam
35%
Bosnia & Herzegovina
30%
Croatia
30%
Mozambique
30%
Ghana
25%
Togo
25%
Azerbaijan
15%
Malawi
15%
Armenia
10%
No matching quizzes found
Score Distribution
Percent of People with Each Score
Percentile by Number Answered
Your Score History
You have not taken this quiz